000 00346 a2200157 4500
001 162920
020 _a
040 _cMagnum
100 _aGiovanni, Jose Ruy
240 1 0 _aMatematica: numeros complexos/v.9
_lpor
245 1 0 _aMatematica: numeros complexos/v.9
362 0 _a1899
440 1 _aFTD
697 _aPARADIDATICO
942 _cBK
999 _c162920
_d162920